Catálogo
 En Linea

El año chucuto / (Registro nro. 41836)

Detalles MARC
000 -CABECERA
campo de control de longitud fija 00733nam a2200205 a 4500
001 - NÚMERO DE CONTROL
campo de control 000042347
005 - FECHA Y HORA DE LA ÚLTIMA TRANSACCIÓN
campo de control 20201002040108.0
008 - DATOS DE LONGITUD FIJA--INFORMACIÓN GENERAL
campo de control de longitud fija 131127s1975 ve 000 0 spa d
040 ## - FUENTE DE LA CATALOGACIÓN
Centro catalogador/agencia de origen DO-SdBNP
Lengua de catalogación spa
Centro/agencia transcriptor BNPHU
082 ## - NÚMERO DE LA CLASIFICACIÓN DECIMAL DEWEY
Número de clasificación xxx
Número de documento/Ítem xxx
100 1# - ENTRADA PRINCIPAL--NOMBRE DE PERSONA
Nombre de persona Rangel, José Vicente
9 (RLIN) 69413
245 13 - MENCIÓN DE TÍTULO
Título El año chucuto /
Mención de responsabilidad, etc. José Vicente Rangel, Teodoro Petkoffm, Germán Lairet.
260 ## - PUBLICACIÓN, DISTRIBUCIÓN, ETC.
Lugar de publicación, distribución, etc. Caracas :
Nombre del editor, distribuidor, etc. [Distribución, Publicaciones Españolas],
Fecha de publicación, distribución, etc. 1975.
300 ## - DESCRIPCIÓN FÍSICA
Extensión 225 p. :
Otras características físicas il. ;
Dimensiones 18 cm.
490 1# - MENCIÓN DE SERIE
Mención de serie Parlamento y socialismo
500 ## - NOTA GENERAL
Nota general Incluye datos biográficos de los autores en la solapa de la contracubierta
700 12 - PUNTO DE ACCESO ADICIONAL--NOMBRE DE PERSONA
Nombre de persona Petkoffm, Teodoro
9 (RLIN) 69414
700 12 - PUNTO DE ACCESO ADICIONAL--NOMBRE DE PERSONA
Nombre de persona Lairet, Germán
9 (RLIN) 69415
830 #0 - PUNTO DE ACCESO ADICIONAL DE SERIE-TÍTULO UNIFORME
Título uniforme Parlamento y socialismo
9 (RLIN) 69416
Existencias
Estado de retiro Estado de pérdida Restricciones de uso No para préstamo Código de colección Localización permanente Ubicación/localización actual Ubicación en estantería Fecha de adquisición Número de inventario Total de préstamos Signatura topográfica completa Código de barras Fecha visto por última vez Precio válido a partir de Tipo de ítem Koha
      Excluido de préstamo Monografías: Libros y Folletos General General En catalogación 27.11.2013 LF1   xxx xxx 42347-10 25.06.2020 25.06.2020 No se presta

Con tecnología Koha